000 00739nam a2200265Ia 4500
003 OSt
005 20221005092846.0
006 a|||||r|||| 00| 0
007 ta
008 221004b |||||||| |||| 00| 0 eng d
020 _a0887064744 (hbk)
024 _a88807
037 _cTextual
040 _aCRL
_cCRL
_beng
041 _2eng
_aeng
082 _aR34, M7
100 _aWelton Donn Ed.
_923213
245 0 _aCritical and dialectical phenomenology
260 _aNew York
_bState University of New Press U.S.A
_c1987
300 _axxiii, 300p.
_ccm.
650 _aPHILOSOPHY
700 _a Silverman Hugh J. Ed.
942 _hR34, M7
_cTEXL
_2cc
999 _c999484
_d999484